Statistiques concernant Les 8 Planètes du Système Solaire en 45 secondes

Cliquez ici pour prendre le quiz!

Statistiques générales

  • Ce quiz a été pris 137 fois
  • Le résultat moyen est 7 sur 8

Statistiques - réponses

Planète% Correct
Mars
99%
Terre
99%
Jupiter
94%
Saturne
93%
Vénus
90%
Uranus
89%
Neptune
88%
Mercure
85%

Distribution des résultats

Percentile par nombre de réponses

% des personnes avec chaque résultat

Votre développement - résultats

Vous n’avez pas pris ce quiz